000 00654nam a2200217Ia 4500
001 15291
003 GE_BSU
008 181216s||||||||xx |||||||||||||| ||und||
040 _cGE_BSU
080 _a821.353.1-2
100 _aშანშიაშვილი,სანდრო
245 _aპიესები
245 _cრედ.გ.ნატროშვილი მხატვ. შ.ბერიტაშვილი
260 _aთბილისი
260 _bსახელგამი
260 _c1948
300 _a348გვ; 20სმ.
300 _e1ფ.პორტრ.
653 _aპიესები
942 _cBK
999 _c48400
_d48400